Normal view MARC view

Entry Topical Term

Number of records used in: 1

001 - CONTROL NUMBER

  • control field: 3582

003 - CONTROL NUMBER IDENTIFIER

  • control field: OSt

005 - DATE AND TIME OF LATEST TRANSACTION

  • control field: 20110506103255.0

008 - FIXED-LENGTH DATA ELEMENTS

  • fixed length control field: 110506|||a|||||| | ||| d

040 ## - CATALOGING SOURCE

  • Original cataloging agency: OSt
  • Transcribing agency: OSt

150 ## - HEADING--TOPICAL TERM

  • Topical term or geographic name as entry element: Law reports, digests, etc.
  • Geographic subdivision: Great Britain.

670 ## - SOURCE DATA FOUND

  • Source citation: Work cat.: (OSt)1249: The Law reports Common Pleas (1872 - 73) Vol. 8 / Common Pleas , 1973